Degree mathematics Vol-3 : (Record no. 104115)

MARC details
000 -LEADER
fixed length control field 00545nam a22001817a 4500
005 - DATE AND TIME OF LATEST TRANSACTION
control field 20161206111429.0
010 ## - LCCN (DPL NO)
LC control number ENG-116266
020 ## - INTERNATIONAL STANDARD BOOK NUMBER
International Standard Book Number 9788180642302
Terms of availability 360.00
035 ## - SYSTEM CONTROL NUMBER
System control number EN-99798
037 ## - SOURCE OF ACQUISITION
Source of stock number/acquisition DBAD/PUB
082 ## - DEWEY DECIMAL CLASSIFICATION NUMBER
Classification number 516
100 ## - MAIN ENTRY--PERSONAL NAME
Personal name Debnath,Shyamal
245 ## - TITLE STATEMENT
Title Degree mathematics Vol-3 :
Remainder of title by Shyamal Debnath, Gour Pal [and] Runa Dhar
260 ## - PUBLICATION, DISTRIBUTION, ETC. (IMPRINT)
Place of publication, distribution, etc Kolkata
Name of publisher, distributor, etc Progressive Publishers
Date of publication, distribution, etc 2015
270 ## - ADDRESS
Address 37A, College street
City kolkata
Postal code 700073
300 ## - PHYSICAL DESCRIPTION
Extent 488p. :
Dimensions 21cm(pbk)
Other physical details ill
942 ## - ADDED ENTRY ELEMENTS (KOHA)
Source of classification or shelving scheme Dewey Decimal Classification
Item type English Books
Classification part 516
Call number suffix SHY
Holdings
Withdrawn status Lost status Not for loan Collection code Home library Current library Date acquired Source of acquisition Cost, normal purchase price Full call number Barcode Copy number Cost, replacement price Koha item type
    Not For Loan Non-fiction D.B.Act.Division Bawana 21/10/2016 DBAD/PUB 360.00 516 SHY EN-99798 1 360.00 English Books

© Delhi Public Library
Hit Counter
free hit counter